Concentrated spray equipment mixtures and application methods (Record no. 19953)
[ view plain ]
| 000 -LEADER | |
|---|---|
| fixed length control field | 00391nam a2200133Ia 4500 |
| 082 ## - DEWEY DECIMAL CLASSIFICATION NUMBER | |
| Classification number | 632.982.1 |
| Item number | POT |
| 100 ## - MAIN ENTRY--AUTHOR NAME | |
| Personal name | POTTS, Samuel Frederick |
| 245 #0 - TITLE STATEMENT | |
| Title | Concentrated spray equipment mixtures and application methods |
| 260 ## - PUBLICATION, DISTRIBUTION, ETC. (IMPRINT) | |
| Place of publication | New Jersey |
| Name of publisher | Dorland |
| Year of publication | 1958 |
| 650 ## - SUBJECT ADDED ENTRY--TOPICAL TERM | |
| Topical Term | Aircraft spraying |
| 650 ## - SUBJECT ADDED ENTRY--TOPICAL TERM | |
| Topical Term | Spray dust application |
| 942 ## - ADDED ENTRY ELEMENTS (KOHA) | |
| Koha item type | Books |
| Withdrawn status | Lost status | Damaged status | Not for loan | Home library | Current library | Date acquired | Full call number | Accession Number | Koha item type |
|---|---|---|---|---|---|---|---|---|---|
| RRII Library | RRII Library | 16/12/2021 | 632.982.1 POT | 00681 | Books |